[Event "SH-ch Seniors op"]
[Site "Eckernfoerde"]
[Date "2012.10.05"]
[Round "7.22"]
[White "Droese, Manfred"]
[Black "Albers, Friedemann"]
[Result "1/2-1/2"]
[WhiteElo "1822"]
[BlackElo "1941"]
[PlyCount "63"]
[EventDate "2012.09.29"]
[EventType "swiss"]
[EventRounds "7"]
[EventCountry "GER"]
[SourceTitle "EXT 2022"]
[Source "ChessBase"]
[SourceDate "2021.10.06"]
[SourceVersion "1"]
[SourceVersionDate "2021.10.06"]
[SourceQuality "1"]

1. Nf3 d5 2. c4 c6 3. g3 Nf6 4. Bg2 Bf5 5. d3 dxc4 6. d4 Nbd7 7. 0-0 e6 8. Nh4 Bg4 9. Qc2 Nb6 10. Rd1 Be7 11. Nf3 Bf5 12. Qd2 Ne4 13. Qe1 0-0 14. e3 Qc7 15. Qf1 Nf6 16. Ne5 Rfd8 17. Nc3 Bd3 18. Nxd3 cxd3 19. Qxd3 e5 20. Qf1 exd4 21. exd4 Nfd5 22. Ne4 h6 23. a3 Nd7 24. Bd2 N7f6 25. Nc5 Qb6 26. b4 Re8 27. Rab1 a6 28. a4 Bd6 29. Qd3 Rad8 30. Re1 Rxe1+ 31. Bxe1 Nc7 32. Qc4 1/2-1/2

[Event "SH-ch Seniors op"]
[Site "Eckernfoerde"]
[Date "2012.10.03"]
[Round "5.19"]
[White "Droese, Manfred"]
[Black "Schmidt, Reinhard"]
[Result "1/2-1/2"]
[WhiteElo "1822"]
[BlackElo "1948"]
[PlyCount "78"]
[EventDate "2012.09.29"]
[EventType "swiss"]
[EventRounds "7"]
[EventCountry "GER"]
[SourceTitle "EXT 2022"]
[Source "ChessBase"]
[SourceDate "2021.10.06"]
[SourceVersion "1"]
[SourceVersionDate "2021.10.06"]
[SourceQuality "1"]

1. Nf3 c5 2. c4 b6 3. g3 Bb7 4. Bg2 Nc6 5. 0-0 Nd4 6. Nc3 Nxf3+ 7. Bxf3 Bxf3 8. exf3 e6 9. Re1 Be7 10. d4 cxd4 11. Qxd4 Bf6 12. Qd3 Bxc3 13. Qxc3 Qf6 14. Bd2 Qxc3 15. Bxc3 f6 16. f4 Ne7 17. Rad1 Rd8 18. Bb4 Nc8 19. Rd2 Rg8 20. f5 e5 21. f4 d6 22. fxe5 dxe5 23. Rxd8+ Kxd8 24. Rd1+ Kc7 25. Kf2 a5 26. Ba3 Re8 27. Ke3 Ne7 28. Ke4 Nc6 29. b3 Nd4 30. Rd2 g6 31. g4 gxf5+ 32. gxf5 Rg8 33. Be7 Rg4+ 34. Kd5 Nxf5 35. Bxf6 e4 36. Be5+ Kb7 37. Re2 Ne7+ 38. Ke6 Ng6 39. Bd6 Nf4+ 1/2-1/2

[Event "Hessen-ch Seniors op 07th"]
[Site "Bad Sooden-Allendorf"]
[Date "2011.05.04"]
[Round "5"]
[White "Droese, Manfred"]
[Black "Mertens, Gottfried"]
[Result "0-1"]
[WhiteElo "1579"]
[BlackElo "1750"]
[PlyCount "108"]
[EventDate "2011.04.30"]
[EventType "swiss"]
[EventRounds "9"]
[EventCountry "GER"]
[SourceTitle "EXT 2012"]
[Source "ChessBase"]
[SourceDate "2011.11.24"]
[SourceVersion "1"]
[SourceVersionDate "2011.11.24"]
[SourceQuality "1"]

1. Nf3 f5 2. d4 Nf6 3. g3 g6 4. Bg2 Bg7 5. 0-0 0-0 6. c4 d6 7. Nc3 Nc6 8. e3 e5 9. dxe5 dxe5 10. Qc2 Be6 11. Rd1 Qe7 12. b3 h6 13. Bb2 e4 14. Ne1 Nb4 15. Qe2 c6 16. a3 Na6 17. Qc2 Ng4 18. h3 Ne5 19. Ne2 Nc5 20. Bxe5 Bxe5 21. Rab1 Bf7 22. Bf1 Rad8 23. b4 Ne6 24. Rxd8 Rxd8 25. Rd1 Qf6 26. Nc1 g5 27. Nb3 b6 28. Rxd8+ Qxd8 29. Be2 Bg6 30. Qd1 Qxd1 31. Bxd1 f4 32. Nc2 Bc3 33. gxf4 gxf4 34. exf4 Nxf4 35. Ne3 Nd3 36. Bg4 Bb2 37. Nc2 c5 38. b5 Bc3 39. Ne3 Kf7 40. Be2 Bb2 41. a4 Bc3 42. Nd1 Be5 43. a5 Nf4 44. Bf1 Ke6 45. axb6 axb6 46. Ne3 Bh5 47. Nd2 Bg6 48. Ng4 Bc3 49. Nb1 Bg7 50. Ne3 h5 51. Nd2 Bc3 52. Nb3 Ke5 53. Nc1 Bf7 54. Ng2 Nxh3+ 0-1

[Event "Hessen-ch Seniors op 07th"]
[Site "Bad Sooden-Allendorf"]
[Date "2011.05.01"]
[Round "2"]
[White "Heinzel, Peter"]
[Black "Droese, Manfred"]
[Result "1-0"]
[WhiteElo "1947"]
[BlackElo "1579"]
[PlyCount "65"]
[EventDate "2011.04.30"]
[EventType "swiss"]
[EventRounds "9"]
[EventCountry "GER"]
[SourceTitle "EXT 2012"]
[Source "ChessBase"]
[SourceDate "2011.11.24"]
[SourceVersion "1"]
[SourceVersionDate "2011.11.24"]
[SourceQuality "1"]

1. c4 Nf6 2. g3 e5 3. Bg2 d5 4. cxd5 Nxd5 5. d3 Nb6 6. Nc3 Be7 7. Nf3 Nc6 8. 0-0 0-0 9. h3 Be6 10. a3 f6 11. b4 Qd7 12. Kh2 Rfd8 13. Bb2 Qc8 14. Rc1 Nd4 15. Nxd4 Rxd4 16. Qc2 Rd8 17. Rfd1 c6 18. Ne4 Bd5 19. Nd2 Bxg2 20. Kxg2 Qe6 21. Nb3 Rac8 22. d4 exd4 23. Nxd4 Qf7 24. Nf5 Rxd1 25. Rxd1 Rd8 26. e4 Rxd1 27. Qxd1 Bf8 28. Qg4 Qg6 29. Qf3 Qf7 30. Bd4 Nc8 31. Qg4 Kh8 32. Nxg7 Nb6 33. Nh5 1-0

[Event "Niedersachsen-ch Seniors 44th"]
[Site "Cadenberge"]
[Date "2010.04.19"]
[Round "7"]
[White "Droese, Manfred"]
[Black "Zotin, Vladimir"]
[Result "0-1"]
[WhiteElo "1659"]
[BlackElo "1812"]
[PlyCount "134"]
[EventDate "2010.04.13"]
[EventType "swiss"]
[EventRounds "9"]
[EventCountry "GER"]
[SourceTitle "EXT 2019"]
[Source "ChessBase"]
[SourceDate "2018.10.10"]
[SourceVersion "1"]
[SourceVersionDate "2018.10.10"]
[SourceQuality "1"]

1. Nf3 b5 2. g3 Bb7 3. Bg2 Nf6 4. 0-0 e6 5. b3 Be7 6. c4 b4 7. d4 c5 8. Bb2 0-0 9. Nbd2 d5 10. Qc2 Na6 11. e3 Rc8 12. Rac1 Ne4 13. Nxe4 dxe4 14. Nd2 f5 15. Rcd1 Qc7 16. f3 exf3 17. Nxf3 Be4 18. Qe2 Bf6 19. Nd2 Bxg2 20. Qxg2 Nb8 21. Nf3 Rcd8 22. Rd2 Nd7 23. Rfd1 Nb6 24. Ba1 Nc8 25. Rd3 Nd6 26. Bb2 Ne4 27. d5 Bxb2 28. Qxb2 Nc3 29. Re1 h6 30. Qg2 exd5 31. cxd5 Rxd5 32. Rxd5 Nxd5 33. Nd2 Nc3 34. Nc4 Qe7 35. Qf3 g5 36. Qc6 Kg7 37. h3 Rf6 38. Qg2 Re6 39. Qf3 Kg6 40. Qa8 Kg7 41. Qf3 Qf7 42. Kf1 g4 43. Qg2 Qd7 44. h4 Re4 45. Qc2 h5 46. Nd2 Re7 47. Kf2 Qd5 48. Kg1 Rd7 49. Nf1 Qf3 50. Qb2 Kg6 51. Kh2 Rd1 52. Rxd1 Qxd1 53. Qg2 Qe2 54. Nd2 Qxg2+ 55. Kxg2 Nxa2 56. Kf2 Kf6 57. Ke2 Ke6 58. Kd3 Kd5 59. e4+ fxe4+ 60. Nxe4 Nc1+ 61. Ke3 Nxb3 62. Nf6+ Ke5 63. Nxh5 c4 64. Nf4 a5 65. Ne2 a4 66. h5 a3 67. h6 Kf6 0-1